CIALIS - návrat normálneho sexuálneho života

Bibliographic Details
Main Author: Breza, Ján, 1948- (Author)
Corporate Author: Slovenská lekárska spoločnosť Kongres (Author)
Format: Conference Proceeding Article
Language:Slovak
ISSN:1335-8359
Subjects:

MARC

LEADER 00000nab a2200000 a 4500
001 vtls000851872
003 SK-MaSNL
005 20260304124727.0
008 250429c2003 xo 0 slo
015 |a SNBRB2003/11-32841 
035 |a CLN000203527 
035 |a urn:nbn:sk:snk-ab328n 
035 |a (urnnbn)urn:nbn:sk:snk:ar-a06qpe 
035 |a (uuid)230d74b3-564e-4ff2-921d-88c7322b1acf 
040 |a SNKBUCL  |b slo  |c SNKBUCL  |e AACR2 
041 0 |a slo 
044 |a xo  |c SK 
080 |a 616.69-008.1:615.256.4:061.3  |2 1997 
100 1 |a Breza, Ján,  |d 1948-  |4 aut  |9 101413 
245 1 0 |a CIALIS - návrat normálneho sexuálneho života  |c J. Breza 
650 0 7 |a impotencia  |x farmakoterapia  |x etiológia  |2 MESH  |9 1436257 
650 0 7 |a poruchy sexuálne  |x komplikácie  |x diagnostika  |x etiológia  |2 MESH  |9 1436258 
650 0 7 |a farmakoterapia  |x využitie  |2 MESH  |9 854639 
650 0 7 |a hodnotenie lieku  |2 MESH  |9 840731 
650 0 7 |a tadalafil  |2 snkbucl  |9 864595 
655 7 |a články z novín a časopisov  |2 snkbucl  |9 267496 
711 1 |a Slovenská lekárska spoločnosť  |b Kongres  |n (9. :  |d 2003 :  |c Bratislava, Slovensko)  |4 aut  |9 26260 
773 0 |t Interná medicína  |g Roč. 3, supl. 1 (2003), s. 43S-44S  |x 1335-8359 
850 |a Slovenská národná knižnica 
852 |a Slovenská národná knižnica 
954 |a odborná, vedecká literatúra pôvodná (slovenská)  |2 lita 
958 |a article2022 
958 |a MI 
958 |a OND 
958 |a EUIPO 
999 |c 2892003  |d 2893933